=LDR 00000nam 2200000 4500 =001 INLIS000000000002048 =005 20130612090423 =008 ***********************************Ind** =035 ##$$0010-061300000002048 =041 ##$$a Ind =082 ##$$a 611.71 =090 ##$$a 611.71, Bur o =100 ##$$a Bur, Ardiyan =245 ##$$a Osteologi umum, Ardiya, Boer =260 ##$$a 1990 $b Jakarta =300 ##$$a 95 hlm, ilus, 21 cm =650 ##$$a Tulang =850 ##$$a NBPNMAT